000 00368nam a2200145Ia 4500
008 231129s2009||||xx |||||||||||||| ||spa||
020 _a978-958-35-0746-5
040 _bspa
082 _a305.8 Y95p
100 _aYunis Turbay Emilio
245 0 _a¿Por qué somos así­?
260 _c2009
264 _aTemis
942 _2ddc
_cBKS
999 _c1008
_d1008